Structure and sentiment; (Record no. 121968)
[ view plain ]
| 000 -LEADER | |
|---|---|
| fixed length control field | 00921mam a2200289 4500 |
| 001 - CONTROL NUMBER | |
| control field | 2383717 |
| 003 - CONTROL NUMBER IDENTIFIER | |
| control field | ARRUPE |
| 005 - DATE AND TIME OF LATEST TRANSACTION | |
| control field | 20150209114159.0 |
| 008 - FIXED-LENGTH DATA ELEMENTS--GENERAL INFORMATION | |
| fixed length control field | 720424s1962 ilua b 000 0 eng |
| 010 ## - LIBRARY OF CONGRESS CONTROL NUMBER | |
| LC control number | 62009738 /L |
| 015 ## - NATIONAL BIBLIOGRAPHY NUMBER | |
| National bibliography number | GB62-7595 |
| 035 ## - SYSTEM CONTROL NUMBER | |
| System control number | (OCoLC)ocm00291255 |
| 035 ## - SYSTEM CONTROL NUMBER | |
| System control number | (NNC)2383717 |
| 040 ## - CATALOGING SOURCE | |
| Original cataloging agency | DLC |
| Transcribing agency | YNG |
| Modifying agency | OCL |
| -- | UKM |
| 050 0# - LIBRARY OF CONGRESS CALL NUMBER | |
| Classification number | GN480 |
| Item number | .N43 |
| 082 00 - DEWEY DECIMAL CLASSIFICATION NUMBER | |
| Classification number | 392 |
| 300 ## - PHYSICAL DESCRIPTION | |
| Other physical details | illus. |
| Dimensions | 23 cm. |
| 100 1# - MAIN ENTRY--PERSONAL NAME | |
| Personal name | Needham, Rodney. |
| 9 (RLIN) | 14812 |
| 245 10 - TITLE STATEMENT | |
| Title | Structure and sentiment; |
| Remainder of title | a test case in social anthropology. |
| 260 ## - PUBLICATION, DISTRIBUTION, ETC. (IMPRINT) | |
| Place of publication, distribution, etc | [Chicago] |
| Name of publisher, distributor, etc | University of Chicago Press |
| Date of publication, distribution, etc | [1962] |
| 300 ## - PHYSICAL DESCRIPTION | |
| Extent | 134 p. |
| 504 ## - BIBLIOGRAPHY, ETC. NOTE | |
| Bibliography, etc | Bibliography: p. 127-131. |
| 600 10 - SUBJECT ADDED ENTRY--PERSONAL NAME | |
| Personal name | Homans, George Caspar, |
| Dates associated with a name | 1910-1989. |
| Title of a work | Marriage, authority, and final causes. |
| 9 (RLIN) | 14898 |
| 600 10 - SUBJECT ADDED ENTRY--PERSONAL NAME | |
| Personal name | Lévi-Strauss, Claude. |
| Title of a work | Structures élémentaires de la parenté. |
| 9 (RLIN) | 14899 |
| 650 #0 - SUBJECT ADDED ENTRY--TOPICAL TERM | |
| Topical term or geographic name as entry element | Consanguinity. |
| 9 (RLIN) | 14900 |
| 942 ## - ADDED ENTRY ELEMENTS (KOHA) | |
| Source of classification or shelving scheme | Library of Congress Classification |
| Koha item type | Monograph ( Printed materials) |
No items available.